El delito de legitimación de capitales provenientes del narcotráfico en la legislación penal costarricense (Registro nro. 5872)

Detalles MARC
000 -Cabecera
Campo de control de longitud fija 01109ata a2200373 4500
005 - Fecha y hora de la última transacción
Campo de control 20260304160811.0
008 - Elementos de longitud fija--Información general
Campo de control de longitud fija 150521b1993 xxu||||| |||| 00| 0 spa d
020 ## - International Standard Book Number
Número Internacional Estándar del Libro (ISBN) 99771305410
041 ## - Idioma
Código de idioma Español
082 ## - Clasificación Decimal Dewey
Número de clasificación 364.106 H557d
100 ## - Entrada principal--Autor personal
Nombre personal Hernández Ramírez, Guillermo
9 (RLIN) 30736
245 ## - Título propiamente dicho
Título El delito de legitimación de capitales provenientes del narcotráfico en la legislación penal costarricense
260 ## - Pie de imprenta
Lugar de publicación, distribución, etc. Costa Rica
260 ## - Pie de imprenta
Nombre del editor, distribuidor, etc. IJSA
260 ## - Pie de imprenta
Fecha de publicación, distribución, etc. 1993
300 ## - Descripción física
Extensión 156 páginas
490 ## - Serie
Título de la Serie Investigación Criminal
650 ## - Materia general
Temática (materia general) COSTA RICA
650 ## - Materia general
Temática (materia general) NARCOTRÁFICO
650 ## - Materia general
Temática (materia general) LAVADO DE DINERO
650 ## - Materia general
Temática (materia general) TRÁFICO DE DROGAS
650 ## - Materia general
Temática (materia general) DERECHO PENAL
650 ## - Materia general
Temática (materia general) LEGISLACIÓN PENAL
650 ## - Materia general
Temática (materia general) BIEN JURÍDICO PROTEGIDO
650 ## - Materia general
Temática (materia general) SUJETOS DEL DELITO
650 ## - Materia general
Temática (materia general) CAPITALES ILÍCITOS
650 ## - Materia general
Temática (materia general) LEGITIMACIÓN DE CAPITALES
650 ## - Materia general
Temática (materia general) CAPITALES PROVENIENTES DEL NARCOTRÁFICO
650 ## - Materia general
Temática (materia general) AUTORÍA DEL DELITO
650 ## - Materia general
Temática (materia general) PARTICIPACIÓN DEL DELITO
650 ## - Materia general
Temática (materia general) POLÍTICA CRIMINAL
650 ## - Materia general
Temática (materia general) INVERSIÓN DE CAPITAL
942 ## - Punto de acceso adicional KOHA
Tipo de ítem KOHA Libro
Fuente del sistema de clasificación o colocación Dewey Decimal Classification
Existencias
Signatura completa Código de barras Tipo de ítem
364.106 H557d 14843 Libro